000
00211 a2200097 4500
001
49511
100
_a
Seaborne
245
_a
Detective in fiction
260
_a
London
_b
G Bell san ltd
_c
090
_c
32041
_d
32041
942
_a
NUST-CAE
_c
M
_c
24494
999
_c
284584
_d
284584